| 000 | 00490nam a2200193Ia 4500 | ||
|---|---|---|---|
| 003 | OSt | ||
| 005 | 20260309091108.0 | ||
| 008 | 210210b1933 xxu||||| |||| 00| 0 eng d | ||
| 040 | _cAL | ||
| 041 | _aHindi | ||
| 082 | _a863/78 | ||
| 100 |
_aPURUSHOTAM _d पुरुषोत्तम _9258207 |
||
| 245 |
_aTulasidas _bतुलसीदास |
||
| 260 |
_aKalkatta _b- _c1933 |
||
| 650 |
_aTulasidAs _9258208 |
||
| 690 |
_aHindi Drama _9258209 |
||
| 906 | _a023454 | ||
| 942 |
_2ddc _cBK |
||
| 999 |
_c148424 _d148424 |
||